ბათუმის შოთა რუსთაველის სახელმწიფო უნივერსიტეტის ბიბლიოთეკა

სისხლის სამართლის კერძო ნაწილი : (ბიბ.ჩანაწერი № 39822)

000 -ლიდერი
ფიქსირებული სიგრძის საკონტროლო ველი 01401nam a2200289Ia 4500
001 - საკონტროლო ნომერი
საკონტროლო ველი 6427
003 - საკონტროლო ნომრის იდენტიფიკატორი
საკონტროლო ველი GE_BSU
005 - ბოლო ოპერაციის თარიღი და დრო
საკონტროლო ველი 20191115150245.0
008 - ფიქსირებული სიგრძის მონაცემთა ელემენტები - ზოგადი ინფორმაცია
ფიქსირებული სიგრძის საკონტროლო ველი 181216s2006||||ge |||||||||||||| ||geo||
020 ## - წიგნის საერთაშორისო სტანდარტული ნომერი
International Standard Book Number 9994046845
040 ## - კატალოგიზაციის წყარო
Transcribing agency GE_BSU
041 ## - ენის კოდი
Language code of text/sound track or separate title geo
080 ## - უნივერსალური ათობითი კლასიფიკაციის ინდექსი
Universal Decimal Classification number 343(075.8) ს-54
100 ## - მთავარი ჩანაწერი - პიროვნების სახელი
Personal name ლეკვეიშვილი, მზია
9 (RLIN) 5360
245 ## - ცნობა სათაურის შესახებ
Title სისხლის სამართლის კერძო ნაწილი :
Remainder of title წ.2 /
Statement of responsibility, etc [ავტ.: მზია ლეკვეიშვილი, გოჩა მამულაშვილი, ნონა თოდუა, დავით მუმლაძე ;რედ. გ. ტყეშელაძე
264 ## - წარმოების, გამოცემის, დისტრიბუციის და სხვა ცნობები
გამოცემის, წარმოების, დისტრიბუციის... ადგილი თბილისი :
გამოცემის, წარმოების, დისტრიბუციის... სახელწოდება მერიდიანი,
გამოცემის, წარმოების, დისტრიბუციის... თარიღი 2006.
300 ## - ფიზიკური აღწერა
Extent 379 გვ.;
Other physical details 21 სმ.
653 ## - INDEX TERM--UNCONTROLLED
Uncontrolled term სამართალი
653 ## - INDEX TERM--UNCONTROLLED
Uncontrolled term სისხლის სამართალი
700 ## - ADDED ENTRY--PERSONAL NAME
Personal name ლეკვეიშვილი, მზია
Relator term ავტორი
9 (RLIN) 5360
700 ## - ADDED ENTRY--PERSONAL NAME
Personal name მამულაშვილი, გოჩა
Relator term ავტორი
9 (RLIN) 5362
700 ## - ADDED ENTRY--PERSONAL NAME
Personal name თოდუა, ნონა
Relator term ავტორი
9 (RLIN) 5363
700 ## - ADDED ENTRY--PERSONAL NAME
Personal name მუმლაძე, დავით
Relator term მუმლაძე, დავით
9 (RLIN) 5364
700 ## - ADDED ENTRY--PERSONAL NAME
Personal name ტყეშელიაძე, გ.
Relator term რედაქტორი
9 (RLIN) 3507
942 ## - ADDED ENTRY ELEMENTS (KOHA)
Koha item type წიგნი
Source of classification or shelving scheme
ეგზემპლარები
ჩამოწერის სტატუსი დაკარგული ეგზემპლარის სტატუსი კლასიფიკაციის წყარო ან თაროზე გაწყობის სქემა დაზიანების სტატუსი არ გაიცემა მუდმივი მდებარეობა (დაცვის ადგილი) ამჟამინდელი ადგილსამყოფელი თაროზე განთავსების ადგილი შეძენის თარიღი ღირებულება, შესყიდვის ნორმალური ფასი სრული შენახვის შიფრი შტრიხკოდი ბოლო ოპერაციის თარიღი ეგზემპლარის მიმდევრობითი ნომერი (კეტერი?) ფასის ძალაში შესვლის თარიღი ეგზემპლარის სახეობა საჯარო შენიშვნა
          ბათუმის შოთა რუსთაველის სახელმწიფო უნივერსიტეტის მთავარი ბიბლიოთეკა ბათუმის შოთა რუსთაველის სახელმწიფო უნივერსიტეტის მთავარი ბიბლიოთეკა წიგნსაცავი 2018-12-17 15.00 343(075.8) ს-54 6786 2018-12-17 6786 2018-12-17 წიგნი 15 ლ.
          ბათუმის შოთა რუსთაველის სახელმწიფო უნივერსიტეტის მთავარი ბიბლიოთეკა ბათუმის შოთა რუსთაველის სახელმწიფო უნივერსიტეტის მთავარი ბიბლიოთეკა წიგნსაცავი 2018-12-17 12.00 343(075.8) ს-54 27840 2018-12-17 27840 2018-12-17 წიგნი 12 ლ.